000 01020nam a22003497a 4500
001 BR0601564
003 BR-BrBNA
005 20230928102119.0
007 ta
008 230509b bl.||||| |||| 00| 0 por d
040 _aBR-BrBNA
_bpor
_cBiblioteca Nacional de Agricultura
041 _a(Eng)
072 _aP33; F04
090 _ P33 BR0601564
100 1 _aMarchi, G.
110 1 _aUniversidade Federal de Lavras, MG (Brasil)
_0Tese (Doutorado)
245 1 _aOrganic acids and trace element extractability in sewage sludge-treated soils
260 3 _aLavras, MG (Brasil):
_c2005.
300 _a104 p.
500 _aSummaries (Eng, Por); Several bibliography; 17 illus.; 37 tables
650 _aSOLO
650 _aLODO RESIDUAL
650 _aADUBO DE ESGOTO
650 _aMETAL PESADO
650 _aRIZOSFERA
650 _aNUTRIÇÃO MINERAL
650 _aELEMENTO QUÍMICO
650 _aQUÍMICA DO SOLO
650 _aÁCIDO ORGÂNICO
909 _a202309
_bLucia
_c55
_dLucia Elande
942 _cBK
999 _c69206
_d69206